Business Accounting - II Sem. - II ( F.Y.B.Com. ) (Record no. 370432)

MARC details
000 -LEADER
fixed length control field 00365nam a22001457a 4500
005 - DATE AND TIME OF LATEST TRANSACTION
control field 20260213142514.0
008 - FIXED-LENGTH DATA ELEMENTS--GENERAL INFORMATION
fixed length control field 260213b |||||||| |||| 00| 0 eng d
041 ## - LANGUAGE CODE
Language code of text/sound track or separate title Eng.
100 ## - MAIN ENTRY--PERSONAL NAME
Author Ughade, S. & Others
245 ## - TITLE STATEMENT
Title Business Accounting - II Sem. - II ( F.Y.B.Com. )
250 ## - EDITION STATEMENT
Edition statement 1st ed.
260 ## - PUBLICATION, DISTRIBUTION, ETC.
Place of publication, distribution, etc. Pune
Name of publisher, distributor, etc. Kshitija
300 ## - PHYSICAL DESCRIPTION
Extent 146
942 ## - ADDED ENTRY ELEMENTS (KOHA)
Koha item type Books
Holdings
Withdrawn status Lost status Source of classification or shelving scheme Damaged status Not for loan Home library Current library Date acquired Vendor Cost, normal purchase price Bill number Total Checkouts Barcode Date last seen Date last checked out Bill Date Koha item type Original Barcode
    Dewey Decimal Classification     Shri Siddhivinayak Mahila Mahavidyalaya Shri Siddhivinayak Mahila Mahavidyalaya 13/02/2026 Kshitija 250.00 105 1 SSMM-BK-32959 14/03/2026 13/03/2026 06/02/2026 Books 010032959
    Dewey Decimal Classification     Shri Siddhivinayak Mahila Mahavidyalaya Shri Siddhivinayak Mahila Mahavidyalaya 13/02/2026 Kshitija 250.00 105 1 SSMM-BK-32960 14/03/2026 13/03/2026 06/02/2026 Books 010032960
    Dewey Decimal Classification     Shri Siddhivinayak Mahila Mahavidyalaya Shri Siddhivinayak Mahila Mahavidyalaya 13/02/2026 Kshitija 250.00 105 1 SSMM-BK-32961 14/03/2026 13/03/2026 06/02/2026 Books 010032961
    Dewey Decimal Classification     Shri Siddhivinayak Mahila Mahavidyalaya Shri Siddhivinayak Mahila Mahavidyalaya 13/02/2026 Kshitija 250.00 105 1 SSMM-BK-32962 24/03/2026 13/03/2026 06/02/2026 Books 010032962
    Dewey Decimal Classification     Shri Siddhivinayak Mahila Mahavidyalaya Shri Siddhivinayak Mahila Mahavidyalaya 13/02/2026 Kshitija 250.00 105 1 SSMM-BK-32963 16/03/2026 13/03/2026 06/02/2026 Books 010032963